000 02040nam a22002897a 4500
005 20180118105747.0
010 _aB-391029-050 B-664469
020 _a812602593x
_c40.00
035 _aB-391029-050
035 _aB-664469
037 _bनॉर्थ इंडिया पब्लिशर्स/VEN
082 _a821
100 _aतिवाड़ी, मालचंद
245 _aउतरा है आकाश
_cमालचंद तिवाड़ी; राजेन्द्र जोशी.द्वारा अनुदित
260 _aनई दिल्ली
_bसाहित्य अकादेमी
_c2010
260 _aनई दिल्ली
_bसाहित्य अकादेमी
_c2007
270 _aरवीन्द्र भवन, 35, फीरोज़शाह मार्ग
_bनई दिल्ली
_cदिल्ली
_e110001
300 _a75पृ
_c22सेमी (अजिल्द)
500 _aसाहित्य अकादेमी पुरस्कार से सम्मानित राजस्थानी कविता-संग्रह।
520 _aAW
650 _aराजस्थानी कविता-संग्रह
_xहिन्दी में अनुदित
650 _aHindi fiction
_xTranslations into Hindi
700 _aराजेन्द्र, जोशी
_923855
942 _adpl
_cHN
_2ddc
_h821
_mतिवाड़ी
999 _c49766
_d49766